01004nam a22001937a 4500003000900000008004100009040007100050082001800121245027000139260001100409300004800420505023100468650001300699650001000712650001100722650003800733650001500771700002400786AR-CdUCM190409b ||||| |||| 00| 0 spa d aMUNICIPALIDAD PROVINCIAL DEL CUSCOcBIBLIOTECA MUNICIPAL DEL CUSCO a985.61 /bP86 aPrimera fundación de esta gran ciudad del Cusco :bla cual se puso en principio de este libro y esta el cuaderno original en fin del. el cual se busco y puso por cabeza por Mdo. (mandado) del Excmo. señor don Francisco de Tedo. (Toledo) Virrey y destos reynos / aLima : aCXXXIII, 242 páginas ;bretratos,c24 cm. aContenido: Las tres fundaciones del Cusco -- Don Francisco de Toledo y la visita general -- Información sobre los Incas y su gobierno -- Salida del Virrey del Cusco a Potosí -- La instrucción pública y la minería ... aHistoria aCusco aPerú aReglamentación civil, 1556-1599 aDocumentos aUrteaga, Horacio H.